Historicidades
Wedi'i Gadw mewn:
| Prif Awduron: | , , |
|---|---|
| Fformat: | Llyfr |
| Iaith: | Sbaeneg |
| Cyhoeddwyd: |
Buenos Aires
Waldhuter
2010
|
| Pynciau: | |
| Tagiau: |
Ychwanegu Tag
Dim Tagiau, Byddwch y cyntaf i dagio'r cofnod hwn!
|
MARC
| LEADER | 00000nam a2200000 a 4500 | ||
|---|---|---|---|
| 001 | UCG5668 | ||
| 003 | CL-VaPUC | ||
| 008 | 110317e20100000AG |||||||||||||||||spa|d | ||
| 020 | |a 9879872517854 | ||
| 082 | 0 | 4 | |a 907.2 |b DEL |2 21 |
| 100 | 0 | |a Delacroix, Christian |e author |9 555414 | |
| 700 | |a Dosse, Francois |e author |9 597171 | ||
| 700 | 0 | |a García, Patrick |e author |9 555416 | |
| 245 | 1 | 0 | |a Historicidades |
| 300 | |a 344 p | ||
| 942 | |c BK | ||
| 945 | |d 20110317 00:00:00 |a dcastane | ||
| 260 | |a Buenos Aires |b Waldhuter |c 2010 | ||
| 650 | 0 | |a Filosofía de la historia |9 265651 | |
| 650 | 0 | |a Historiografía |9 257871 | |
| 583 | |a last modification |c 20110317 00:00:00 |k Rodrigo Vera | ||
| 999 | |c 344071 |d 344069 | ||
| 952 | |0 0 |1 0 |4 0 |6 907_200000000000000_DEL_2010 |7 0 |8 A |9 441855 |a BIBHIS |b BIBHIS |d 2019-11-22 |i 4755154 |l 1 |o 907.2 DEL 2010 |p 4755154 |r 2025-01-20 |s 2023-06-12 |w 2019-11-22 |y BK |k HIS | ||